• 首页
  • 本馆介绍
  • 公告通知
  • 最新文献
  • 馆藏检索
  • 电子资源
  • 读者导购
  • 参考咨询
  • 我的图书馆
  • 登录
  • 详细信息显示
  • 放入我的书架
  • 预约/预借图书
  • 作者相关作品
  • 分类相关作品
  • 丛书相关作品
  • 出版社相关作品

书目信息

  • 表格格式
  • 工作单格式
  • 卡片格式
题名:
考试方略与心理调节
    
 
作者: 冯江平
分册:  
出版信息: 石家庄   河北科学技术  2000
页数: 193页
开本: 20cm
丛书名:
单 册:
中图分类: B849:G442 , B849
科图分类:
主题词: 应用心理学
电子资源:
ISBN: 7-5275-2223-5
000 00547nam0 2200193 450
001 1572433353
005 20150130200736.82
010    @a7-5275-2223-5@dCNY8.00
100    @a20070818d km y0chiy0120 ea
101 0  @achi
200 1  @a考试方略与心理调节@Akao shi fang lue yu xin li diao jie@f冯江平@Ffeng jiang ping
210    @a石家庄@c河北科学技术@d2000
215    @a193页@d20cm
606 0  @a应用心理学
690    @aB849:G442@v3
690    @aB849@v4
701  0 @a冯江平@Afeng jiang ping
801  0 @aCN@bTSSF@c20150130
905    @aZUCC@dB849@eJY57
    
    考试方略与心理调节/冯江平.-石家庄:河北科学技术,2000
    193页;20cm
    
    
    ISBN 7-5275-2223-5:CNY8.00
    
●
相关链接 在E读中查询图书 在五车中查询图书 在当当中查询图书 在豆瓣中查询图书


正题名:考试方略与心理调节     索取号:B849/JY57         预约/预借

序号 登录号 条形码 馆藏地/架位号 状态 备注
1 7847052   278470520   学院路分馆/ [索取号:B849/JY57] 在馆    
唐山师范学院图书馆 欢迎您!
大连网信软件有限公司© 版权所有